000 00347nam a22001457a 4500
008 210308b ||||| |||| 00| 0 eng d
020 _a9781423902133
041 _aeng
080 _26th
_a004
082 _a004
100 _a28
101 _aSHKI
245 _aProblem-Solving Cases in Microsoft access and excel
_cBrady, J.A
942 _2udc
_cBK
999 _c55980
_d55980